ادارة الانتاج والعمليات / (رقم التسجيلة. 133872)

تفاصيل مارك
000 -LEADER
fixed length control field 00419nam a22001337a 4500
005 - DATE AND TIME OF LATEST TRANSACTION
control field 20251108175428.0
008 - FIXED-LENGTH DATA ELEMENTS--GENERAL INFORMATION
fixed length control field 250721s2001 xx 000 0 ara d
082 14 - DEWEY DECIMAL CLASSIFICATION NUMBER
Classification number 658.5/حمو
100 1# - MAIN ENTRY--PERSONAL NAME
Personal name حمود, خضير كاظم
245 10 - TITLE STATEMENT
Title ادارة الانتاج والعمليات /
264 1# - PRODUCTION, PUBLICATION, DISTRIBUTION, MANUFACTURE, AND COPYRIGHT NOTICE
Place of production, publication, distribution, manufacture عمان - الاردن :
Name of producer, publisher, distributor, manufacturer دار صفاء للنشر والتوزيع،
Date of production, publication, distribution, manufacture, or copyright notice 2001.
942 ## - ADDED ENTRY ELEMENTS (KOHA)
Source of classification or shelving scheme Dewey Decimal Classification
Koha item type كتب
المقتنيات
حالة السحب حالة الفقدان مصدر التصنيف حالة التلف غير قابل للإعارة المكتبة الرئيسية المكتبة الحالية موقع الرف تاريخ التزويد الرقم المتسلسل Total Checkouts رقم الإستدعاء الباركود تاريخ آخر ظهور تاريخ الفاتورة نوع المادة (كوها)
    Dewey Decimal Classification     مكتبة أم قصير والمقابلين العامة مكتبة أم قصير والمقابلين العامة الإعارة 28/07/2025 466724   658.5/حمو PLD00366428 28/07/2025 28/07/2025 كتب
    Dewey Decimal Classification     مكتبة الحسن العامة مكتبة الحسن العامة الإعارة 21/10/2018 466721   658.5/حمو PLD00436070 28/07/2025 21/10/2018 كتب
    Dewey Decimal Classification     مكتبة حمزة العامة مكتبة حمزة العامة الإعارة 08/02/2016 466722   658.5/حمو PLD00372391 28/07/2025 08/02/2016 كتب
Implemented & Customized by: BBB with SCIT (Smart Chains for Information Technology)

Powered by Koha